00320 a2200133 4500001000700000020001800007040001100025100003300036240004900069245004400118300000700162362000900169440000800178168926 a85-322-4324-X cMagnum aGoes, Ana Cláudia Davoglio10aA journey through the history of brazillING10aA journey through the history of brazil a440 a1999 1aFTD